Design and manufacturing systems. --2nd ed. (Record no. 63437)

MARC details
000 -LEADER
fixed length control field 00936nam a2200217 a 4500
008 - FIXED-LENGTH DATA ELEMENTS--GENERAL INFORMATION
fixed length control field 081104s1998 ||||||||||||||||| || u
050 ## - LIBRARY OF CONGRESS CALL NUMBER
Classification number TS 176 Gup
100 ## - MAIN ENTRY--PERSONAL NAME
Personal name Kaithal, Anita
245 10 - TITLE STATEMENT
Title Design and manufacturing systems. --2nd ed.
Statement of responsibility, etc. R. B. Gupta; Anita Kaithal
250 ## - EDITION STATEMENT
Edition statement 2nd
260 ## - PUBLICATION, DISTRIBUTION, ETC.
Place of publication, distribution, etc. New Delhi
Name of publisher, distributor, etc. Satya Prakashan
Date of publication, distribution, etc. 1998
300 ## - PHYSICAL DESCRIPTION
Extent v, 783p.: ill.
350 ## -
-- 39000.00
650 ## - SUBJECT ADDED ENTRY--TOPICAL TERM
Topical term or geographic name entry element MANUFACTURING
650 ## - SUBJECT ADDED ENTRY--TOPICAL TERM
Topical term or geographic name entry element COMPUTER INTEGRATED MANUFACTURING SYSTEMS
650 ## - SUBJECT ADDED ENTRY--TOPICAL TERM
Topical term or geographic name entry element MANUFACTURING PROCESS
650 ## - SUBJECT ADDED ENTRY--TOPICAL TERM
Topical term or geographic name entry element FLEXIBLE MANUFACTURING SYSTEMS
700 ## - ADDED ENTRY--PERSONAL NAME
Personal name Gupta, R. B
995 ## -
-- MAIN LIBRARY OPEN ACCESS
-- 39000.00
-- 738411
-- CBU-MAIN LIBRARY (Kitwe)
-- 1
-- 0.00
-- TS 176 GUP
-- 2
-- AVAILABLE
-- Nov 4, 2008
-- 738411
-- Main Library Open Access Collection
995 ## -
-- MAIN LIBRARY OPEN ACCESS
-- 39000.00
-- 738410
-- CBU-MAIN LIBRARY (Kitwe)
-- 1
-- 0.00
-- TS 176 GUP
-- 1
-- AVAILABLE
-- Nov 4, 2008
-- 738410
-- Main Library Open Access Collection
999 ## -
-- 63437
-- 63437
Holdings
Withdrawn status Lost status Source of classification or shelving scheme Damaged status Not for loan Permanent Location Current Location Shelving location Date acquired Total Checkouts Full call number Barcode Date last seen Price effective from Koha item type
          CBU-MAIN LIBRARY, KITWE. CBU-MAIN LIBRARY, KITWE.   12/24/2022   TS 176 Gup 738411 12/24/2022 12/24/2022 MONOGRAPH
          CBU-MAIN LIBRARY, KITWE. CBU-MAIN LIBRARY, KITWE.   12/24/2022   TS 176 Gup 738410 12/24/2022 12/24/2022 MONOGRAPH